Biggest Cities in the Philippines on a Map - Statistics

General Stats
  • This quiz has been taken 49 times
  • The average score is 5 of 10
Answers on the Map
Answers color-coded by a green-red scale on the quiz's map according to % correct below.
 
Answer Stats
Population Answer % Correct
23,371,436 Manila
100%
2,476,708 Cebu
90%
1,439,598 Davao
85%
1,332,870 Angeles
44%
474,395 General Santos
44%
695,176 Zamboanga
44%
550,767 Iloilo
36%
617,227 Bacolod
33%
716,057 Cagayan De Oro
33%
491,827 Dagupan
8%
No matching quizzes found
Score Distribution
Percent of People with Each Score
Percentile by Number Answered
Your Score History
You have not taken this quiz